| 000 | 00851nam a2200277 i 4500 | ||
|---|---|---|---|
| 001 | 92694 | ||
| 003 | ES-MaACL | ||
| 005 | 20260525062929.0 | ||
| 007 | t| | ||
| 008 | 050418s1992 sp ||||1| spa d | ||
| 020 | _a84-239-7270-4 | ||
| 080 | _a875-96"-03" | ||
| 080 | _a17 | ||
| 100 | 0 |
_aAristóteles _922861 |
|
| 245 | 1 | 0 |
_aMoral, a Nicómaco / _cAristóteles ; introducción, Luis Castro Nogueira ; traducción, Patricio de Azcárate. |
| 250 | _a5ª ed. | ||
| 260 |
_aMadrid : _bEspasa-Calpe, _c1992. |
||
| 300 |
_a420 p. ; _c18 cm. |
||
| 490 | 1 |
_aColección austral ; _v270 |
|
| 650 | 1 | 7 |
_aÉtica _2embne _912577 |
| 700 | 1 |
_aCastro Nogueira, Luis. _936941 |
|
| 700 | 1 |
_aAzcárate, Patricio de, _d1800-1886 _924249 |
|
| 830 | 0 |
_aColección austral _v270 _9177655 |
|
| 852 |
_aES-MaACL _jE-10982 _bR.134769 |
||
| 999 |
_c92694 _d92694 |
||